000 00560nam a2200181 i 4500
001 33883
003 ES-MaACL
005 20230906154833.0
007 t|
008 030203s1960 sp ||||1| spa d
100 1 _aBlas, Luis.
_929345
245 1 0 _aManual del experto en sellos de correos de España (siglo XIX) /
_cLuis Blas.
260 _aMadrid :
_bAguilar,
_c1960 (
_fMontaña)
300 _a324 p., 21 lám. :
_bil. col. y n. ;
_c23 cm.
650 _aSellos de correos-
_zEspaña.
_9171984
650 _aFilatelia.
_9136109
852 _aES-MaACL
_jC-17622
999 _c33883
_d33883